=LDR 00000nam 2200000 4500 =001 NUTBA000000000002080 =005 20240830020155 =035 ##$$a 0010-061400000000023 =008 240830################c##########0#ind## =020 ##$$a 978-979-1276-92-4 =040 ##$$a NBPDMAT =082 ##$$a 028.5 =090 ##$$a 028.5 $b Sug i =100 ##$$a Sugiarti =245 1#$$a Indahnya batikku /$c Sugiarti =260 ##$$a Jakarta :$b Mediantara Semesta,$c 2009 =300 ##$$a v, 50 hlm. : $b ilus. ; $c 24 x 17 cm. =500 ##$$a Bibliografi : hlm. 49 =650 #4$$a Bacaan Kanak-Kanak =850 ##$$a NBPDMAT =084 ##$$a 028.5 SUG i =990 ##$$a 21400302 =990 ##$$a 21400303 =990 ##$$a 21400304 =990 ##$$a 212400305 =990 ##$$a 21400306 =990 ##$$a 21400305 =990 ##$$a 21400305 =990 ##$$a 21400302 =990 ##$$a 21400303 =990 ##$$a 21400304 =990 ##$$a 212400305 =990 ##$$a 21400306 =990 ##$$a 21400304 =990 ##$$a 21400302 =990 ##$$a 21400303 =990 ##$$a 212400305 =990 ##$$a 21400306 =990 ##$$a 21400305 =990 ##$$a 21400304 =990 ##$$a 21400302 =990 ##$$a 21400303 =990 ##$$a 212400305 =990 ##$$a 21400306 =990 ##$$a 21400305